000 00282nam a2200097 4500
999 _c518007
_d518007
082 _aTNC F51x5442 M279
100 _aGovernment of Maharashtra
_926624
245 _aReport of the committee democratic decentralisation
260 _aBombay
_bGovernment central
_c1961
300 _a298p